| 000 | 00000nam 2200000za 4500 |
| 001 | 9.574606 |
| 003 | CaOODSP |
| 005 | 20250813142516 |
| 007 | cr ||||||||||| |
| 008 | 150406|1998||||xxc|||||o f|0| 0 eng d |
| 022 | |a1205-9153 |
| 040 | |aCaOODSP|beng |
| 043 | |an-cn--- |
| 086 | 1 |aCS11-0019/117E-PDF |
| 100 | 1 |aBaldwin, John R. |q(John Russel) |
| 245 | 04|aThe determinants of the adoption lag for advanced manufacturing technologies / |h[electronic resource]|cby John R. Baldwin and Mohammed Rafiquzzaman. |
| 260 | |aOttawa - Ontario : |bStatistics Canada |cAugust 1998. |
| 300 | |a35p.|bfig., references, tables |
| 490 | 1 |aAnalytical Studies Branch research paper series|x1205-9153|vNo. 117 |
| 500 | |aThe catalogue number (11F0019MPE) and ISBN (0-660-17542-8) for the print edition have been incorrectly copied in this electronic publication. |
| 520 | 3 |aThis paper examines the determinants of the adoption lag for advanced technologies in the Canadian manufacturing sector. It uses plant-level data collected on the length of the adoption lag (the time between a firm's first becoming aware of a new technology and its adoption of the technology) to examine the extent to which the adoption lag is a function of the benefits and costs associated with technology adoption as well as certain plant characteristics that are proxies for a plant's receptor capabilities.--Abstract |
| 590 | |a12-35-Supp|b2012-08-09 |
| 710 | 2 |aStatistics Canada. |
| 775 | 08|tLes facteurs déterminants des retards en matière d'adoption des technologies de fabrication de pointe / |w(CaOODSP)9.604345 |
| 776 | 0#|tThe determinants of the adoption lag for advanced manufacturing technologies / |w(CaOODSP)9.614462 |
| 830 | #0|aResearch paper series (Statistics Canada. Analytical Studies Branch)|x1205-9153|vNo. 117|w(CaOODSP)9.504421 |
| 856 | 40|ahttp://publications.gc.ca|qPDF|s104 KB |uhttps://publications.gc.ca/collections/Collection/CS11-0019-117E.pdf|yNo. 117 |